Представление документа в формате RUSMARC

ПолеНазваниеЗначение
  Тип записи a
  Библиографический уровень m
001 Контрольный номер RU/REG73/CBS_GRAD/1/712802000
005 Дата корректировки 20221122154932.4
101 Язык документа __
a Язык текста rus
200 Заглавие и сведения об ответственности __
a Заглавие Рассказы
f Первые сведения об ответственности Лев Николаевич Толстой ; художник Т.Сергеева
b Общее обозначение материала Текст
203 Вид содержания и тип средства __
a Вид содержания Текст (визуальный) : непосредственный
210 Выходные данные __
a Место издания Ленинград
c Издательство Художественная литература
215 Физическое описание __
a Объем 352 с.
610 Ключевые слова __
a Ключевые слова Л.Н.Толстой
686 Индексы других классификаций __
a Классификационный индекс 84(2 Рос=Рус)1
700 Автор __
a Фамилия Толстой
g Полное личное имя Лев Николаевич
801 Источник записи _0
a Страна RU
b Организация RuCBSGrad
g Правила каталогизации PSBO
801 Источник записи _1
a Страна RU
b Организация RuCBSGrad
g Правила каталогизации PSBO
901 Тип документа __
t Тип документа m
981 __
b i
2 isbdcontent
g e
982 __
b n
2 isbdmedia
993 __
a 149650
b 44969
e 203666
f ЦГБ
h 4.15
i 203666
m 1
n 44775
o I
x 1
y 6